Normal view MARC view
  • Slezic, Lana,

Entry Nombre Personal

Number of records used in: 1

001 - NUMERO DE CONTROL

  • campo de control: 39935

003 - IDENTIFICADOR DE NUMERO DE CONTROL

  • campo de control: UPN

005 - FECHA Y HORA DE LA ÜLTIMA TRANSACCIÓN

  • campo de control: 20210219194551.0

008 - DATOS DE LONGITUD FIJA

  • campo de control de longitud fija: nabaccnnaabn|||||||||| b |nc|||||d

035 ## - NUMERO DE CONTROL

  • Número de control: UPN11000012042

040 ## - FUENTE DE CATALOGACIÓN

  • Lenguaje de catalogación: SPA
  • Agencia de transcripción: UPN

100 1# - ENCABEZAMIENTO - NOMBRE PERSONAL

  • Nombre personal: Slezic, Lana,
  • Fechas asociadas con el nombre: 1973-

670 ## - FUENTE EN LA QUE SE LOCALIZARON DATOS

  • Cita de la fuente: T
  • Uniform Resource Identifier: http://www.artnet.com/artists/lana-slezic/biography

680 ## - NOTA PUBLICA DE ACCESO PÚBLICO

  • Frase explicativa de la referencia: Lic. en Artes en Kinesiología, Universidad de Western Ontario (1999-2000). Diplomado en Fotoperiodismo, Loyalist College, ON. Beca Toronto Sun / Peter Brysky para el compromiso con el fotoperiodismo. Concurso de la Asociación de Periódicos Comunitarios de Ontario

902 ## - CATALOGADOR

  • Catalogador: EMR/100317